Statistics for Dance Moms Quiz

Click here to take the quiz!

General Stats

  • This quiz has been taken 1,842 times
  • The average score is 10 of 11

Answer Stats

HintAnswer% Correct
Favorite StudentMaddie
100%
Nia's MomHolly
96%
Teacher's NameAbby Lee Miller
95%
Maddie's MomMelissa
95%
Mackenzie's MomMelissa
95%
Chloe's MomChristi
94%
Paige's MomKelly
94%
Brooke's MomKelly
94%
Kendall's MomJill
92%
Studio LocationPittsburg
84%
WorkerGiana
46%

Score Distribution

Percentile by Number Answered

Percent of People with Each Score

Your Score History

You have not taken this quiz